000 02237cam a22005174i 4500
003 PE-LiUPU
005 20250731173347.0
008 150706s r 000 0 d
020 _a8481696544
035 _a(Sirsi) i9788481696547
040 _aPE-LiUPU
_bspa
_cPE-LiUPU
_erda
049 _aPRUA
082 0 4 _a226.6
_bG82
_221
100 1 _aGrilli, Massimo,
_eautor.
245 1 0 _aPalabra de Dios en lenguaje humano :
_blectura de Mt 18 y Hch 1-3 a partir de su instancia comunicativa /
_cMassimo Grilli y Detlev Dormeyer.
264 1 _aEstella, Navarra :
_bVerbo Divino,
_c2004.
300 _a235 páginas ;
_c22 centímetros
336 _atext
_2rdacontent
337 _aunmediated
_2rdamedia
338 _avolume
_2rdacarrier
490 0 _aEvangelio y cultura. Monografías ;
_v2
504 _aIncluye bibliografía.
505 0 _aLectura Mt 18 A partir de su instancia comunicativa -- Ciencia de la comunicación e interpretación de un texto bíblico -- Mt 18Como proceso de comunicación entre autor y lector -- El modelo de la Iglesia en Mateo ¿Comunión y/o institución? -- Lectura de Hch 1-3 A partir de su instancia comunicativa -- Principios hermenéuticos y metodológicos de la exégesis pragmático-lingüística -- Hch 1-3 como proceso de comunicación entre autor y lector.
526 _aSEG42
526 _aSEG41
526 _aSEG40
526 _aSEG39
526 _aP94
526 _aP87
526 _aP86
526 _aP85
526 _aP77
526 _aP76
526 _aP35
541 _g007-0020481;
630 _aBiblia.
_pN.T.
_pHechos
_xLenguaje .
630 _aBiblia.
_pN.T.
_pMateo
_xLenguaje.
650 0 4 _aPalabra de Dios (Teología)
700 1 _aDormeyer, Detlev,
_eautor.
910 _agl
_bjv
_cng
_d20091222
942 _2ddc
_cBOOK
949 _a226.6 G82
_wDEWEY
_c1
_i60892
_lCCODEBUL1
_mBUL
_p21.00
_r0
_sY
_tBOOK
_u2015-7-6
_xTEOLOGIA
_zUNKNOWN
_0COMPRA
_o.STAFF. Colección General
994 _aC0
_bPEPRU
596 _a1
999 _a226.6 G82
_wDEWEY
_c50251
_i60892
_f2021-11-9
_g5
_lCCODEBUL1
_mBUL
_p21.00
_r0
_sY
_tBOOK
_u2015-7-6
_xTEOLOGIA
_zUNKNOWN
_0COMPRA
_o.STAFF. Colección General
_d50251
980 _81
_gALBERTO SANCHEZ Responsable de Automatización